Your career in psychology : putting your graduate degree to work (Record no. 91216)

MARC details
000 -LEADER
fixed length control field 00755nam a2200229Ia 4500
008 - FIXED-LENGTH DATA ELEMENTS--GENERAL INFORMATION
fixed length control field 191130s2009##################000#0#eng##
020 ## - INTERNATIONAL STANDARD BOOK NUMBER
ISBN 9781405179416
082 ## - DEWEY DECIMAL CLASSIFICATION NUMBER
Classification number 150.2373 DAV
245 ## - TITLE STATEMENT
Title Your career in psychology : putting your graduate degree to work
Statement of responsibility, etc edited by Stephen F. Davis, Peter J. Giordano, Carolyn A. Licht
260 ## - PUBLICATION, DISTRIBUTION, ETC. (IMPRINT)
Place of publication Chichester, U.K. ; Malden, MA
Name of publisher Wiley-Blackwell
Year of publication c2009
300 ## - PHYSICAL DESCRIPTION
Number of Pages xiv, 306 p. : ill. ; 26 cm
500 ## - GENERAL NOTE
General note Includes indexes
650 ## - SUBJECT ADDED ENTRY--TOPICAL TERM
Topical Term Psychology - Vocational guidance
700 ## - ADDED ENTRY--PERSONAL NAME
Personal name Davis, Stephen F
Personal name Giordano, Peter J
Personal name Licht, Carolyn A
991 ## -
-- 195823
Holdings
Withdrawn status Lost status Damaged status Not for loan Home library Current library Shelving location Date acquired Full call number Accession Number Price effective from Koha item type
        Anna Centenary Library Anna Centenary Library 3RD FLOOR, A WING 09.10.2020 150.2373 DAV 129865 09.10.2020 English Books

Find us on the map